Vida de nuestro señor Jesucristo con una relacion sucinta de la Palestina: adoptada por la Universidad de Chile para el uso de las escuelas primarias

Gespeichert in:
Bibliographische Detailangaben
1. Verfasser: Sarmiento, Domingo F.
Format: Buch
Erschienen: Santiago Imprenta de la República de Jacinto Nuñez 1879
Katalog:MANES:  Suchergebnis im Bibliothekskatalog
Schulbuchspezifische Eigenschaften:
Tags: Tag hinzufügen
Keine Tags, Fügen Sie den ersten Tag hinzu!
Hinzugefügt zu:29.11.1999
Geändert in:25.04.2025

MARC

LEADER 00000nam a22000007a 4500
005 20250425101438.0
008 spa
040 |a MGM 
100 |9 17607  |a Sarmiento, Domingo F. 
245 |a Vida de nuestro señor Jesucristo con una relacion sucinta de la Palestina: adoptada por la Universidad de Chile para el uso de las escuelas primarias 
260 |a Santiago  |b Imprenta de la República de Jacinto Nuñez  |c 1879 
300 |a 96 p.  |c 11,5 x 17 cm. 
500 |a Ubicación local: T 200 S246v 1879 
546 |a Chile 
561 |5 cl-MGM  |3 T 200 S246v 1879  |a Chile. Museo Gabriela Mistral  |k MANES 
690 |a RyM 
691 |a PRI 
942 |2 ddc  |c BK 
999 |c 53331  |d 53331 
999 |c manes:53331  |d 53331